[Event "World Corporate East A"]
[Site "Chess.com INT"]
[Date "2021.02.20"]
[Round "4.3"]
[White "Tuvshinbaatar, Dondoidorj"]
[Black "Zawadzka, Jolanta"]
[Result "0-1"]
[WhiteElo "2180"]
[BlackElo "2399"]
[PlyCount "82"]
[EventDate "2021.02.19"]
[EventType "team (rapid)"]
[EventRounds "7"]
[EventCountry "USA"]
[SourceTitle "EXT 2022"]
[Source "ChessBase"]
[SourceDate "2021.10.06"]
[SourceVersion "1"]
[SourceVersionDate "2021.10.06"]
[SourceQuality "1"]
[WhiteTeam "Golomt Bank"]
[BlackTeam "Probit"]
[WhiteTeamCountry "MGL"]
[BlackTeamCountry "POL"]

1. e4 c5 2. Nf3 d6 3. Bc4 Nf6 4. d3 Nc6 5. Nc3 Bg4 6. h3 Bxf3 7. Qxf3 Nd4 8. Qd1 e6 9. Bg5 Be7 10. Bxf6 Bxf6 11. 0-0 0-0 12. a4 Nc6 13. Rb1 Qd7 14. f4 Na5 15. Bb3 Bxc3 16. bxc3 Rac8 17. Qe2 d5 18. c4 dxe4 19. Qxe4 Rcd8 20. Rf3 b6 21. Rbf1 Rfe8 22. R1f2 g6 23. h4 h5 24. Qe2 Qe7 25. g3 Qf6 26. Qe1 Qf5 27. Qe2 Nc6 28. c3 Qf6 29. Qe1 Ne7 30. Bc2 Nf5 31. Re2 Rd6 32. Re5 Red8 33. Kf2 Nh6 34. Kg2 Ng4 35. Re2 R6d7 36. Re4 Re8 37. Re2 Qd8 38. Re4 Qa8 39. Re2 Nh2 40. Re4 Nxf3 41. Kxf3 f5 0-1

[Event "World Corporate East A"]
[Site "Chess.com INT"]
[Date "2021.02.19"]
[Round "3.3"]
[White "Furtak, Joanna"]
[Black "Tuvshinbaatar, Dondoidorj"]
[Result "1/2-1/2"]
[WhiteElo "1868"]
[BlackElo "2180"]
[PlyCount "172"]
[EventDate "2021.02.19"]
[EventType "team (rapid)"]
[EventRounds "7"]
[EventCountry "USA"]
[SourceTitle "EXT 2022"]
[Source "ChessBase"]
[SourceDate "2021.10.06"]
[SourceVersion "1"]
[SourceVersionDate "2021.10.06"]
[SourceQuality "1"]
[WhiteTeam "Sabre"]
[BlackTeam "Golomt Bank"]
[WhiteTeamCountry "POL"]
[BlackTeamCountry "MGL"]

1. e4 d6 2. d4 Nf6 3. Nc3 Nbd7 4. f3 e5 5. Be3 Be7 6. Qd2 c6 7. 0-0-0 b5 8. g4 Nb6 9. g5 Nfd7 10. d5 b4 11. dxc6 bxc3 12. cxd7+ Bxd7 13. Qxc3 Rc8 14. Qd2 Nc4 15. Bxc4 Rxc4 16. Ne2 a5 17. Nc3 a4 18. Nd5 Be6 19. Qd3 Bxd5 20. Qxd5 Qc7 21. Qb5+ Rc6 22. Qxa4 0-0 23. c3 Qb7 24. Qb3 Qa6 25. Rd2 Ra8 26. a3 Qc8 27. h4 Rb8 28. Qc2 Qe6 29. h5 Qa2 30. Kd1 Rc7 31. Ke2 Rcb7 32. b4 Qxa3 33. Qb2 Qa6+ 34. Kf2 Qc4 35. Rc1 Rc8 36. Qa2 Rxb4 37. Qxc4 Rbxc4 38. Rdc2 Kf8 39. Ke2 Ke8 40. Kd3 Kd7 41. Rg1 Bd8 42. g6 hxg6 43. hxg6 f6 44. Ra1 Ke6 45. Ra7 R4c7 46. Rxc7 Bxc7 47. Ra2 Bd8 48. Ra7 Rc7 49. Ra8 Rd7 50. Ra6 f5 51. Bc5 Be7 52. Ba3 Kf6 53. c4 Kg5 54. Ke3 Kxg6 55. c5 f4+ 56. Ke2 Kf7 57. cxd6 Bf8 58. Bc5 Ke6 59. Ra7 Rxa7 60. Bxa7 Bxd6 61. Bb6 g5 62. Bd8 Be7 63. Ba5 Kd7 64. Be1 Ke6 65. Bd2 Kf6 66. Bc3 Bd6 67. Ba5 Kg6 68. Kf2 Kh5 69. Kg2 Bc5 70. Bc7 Bd4 71. Bd6 g4 72. Be7 gxf3+ 73. Kxf3 Kg6 74. Bd6 Kf7 75. Bb8 Ke6 76. Bc7 Kd7 77. Ba5 Kc6 78. Be1 Kb5 79. Bh4 Kc4 80. Bf6 Kd3 81. Be7 Bc3 82. Bf6 Bd4 83. Bg5 Bc3 84. Bxf4 exf4 85. Kxf4 Bd4 86. e5 Bxe5+ 1/2-1/2